LEADER 00949nam0-22002891i-450- 001 990001880050403321 005 20021010 035 $a000188005 035 $aFED01000188005 035 $a(Aleph)000188005FED01 035 $a000188005 100 $a20021010d--------km-y0itay50------ba 101 0 $aita 200 1 $aCome si devono usare e acquistare i concimi chimici - Come distinguere i terreni e adattarvi le diverse coltivazioni$fA. Cravino. 210 $aBenevento$cDitta De Martini e Figlio$d1911. 215 $a28 p.$c1 tav.$d18 cm 610 0 $aConcimi chimici 676 $a631.8 700 1$aCravino,$bA.$0354554 801 0$aIT$bUNINA$gRICA$2UNIMARC 901 $aBK 912 $a990001880050403321 952 $a60 MISC. C 25/4$b$fFAGBC 959 $aFAGBC 996 $aCome si devono usare e acquistare i concimi chimici - Come distinguere i terreni e adattarvi le diverse coltivazioni$9404066 997 $aUNINA DB $aING01 LEADER 04131nam 2201045 450 001 9910807861403321 005 20200520144314.0 010 $a0520958284 024 7 $a10.1525/9780520958289 035 $a(CKB)3710000000161388 035 $a(EBL)1711002 035 $a(SSID)ssj0001262009 035 $a(PQKBManifestationID)11857419 035 $a(PQKBTitleCode)TC0001262009 035 $a(PQKBWorkID)11211098 035 $a(PQKB)10844357 035 $a(MiAaPQ)EBC1711002 035 $a(DE-B1597)519413 035 $a(OCoLC)882769469 035 $a(DE-B1597)9780520958289 035 $a(Au-PeEL)EBL1711002 035 $a(CaPaEBR)ebr10888752 035 $a(CaONFJC)MIL623612 035 $a(EXLCZ)993710000000161388 100 $a20140717h20142014 uy 0 101 0 $aeng 135 $aur||#|||||||| 181 $ctxt$2rdacontent 182 $cc$2rdamedia 183 $acr$2rdacarrier 200 10$aIllegality, Inc. $eclandestine migration and the business of bordering Europe /$fRuben Andersson 210 1$aOakland, California :$cUniversity of California Press,$d2014. 210 4$dİ2014 215 $a1 online resource (361 pages) 225 1 $aCalifornia Series in Public Anthropology ;$v28 300 $aDescription based upon print version of record. 311 1 $a0520282515 320 $aIncludes bibliographical references and index. 327 $aPart 1. Borderlands -- Part 2. Crossings -- Part 3. Confrontations. 330 $aIn this groundbreaking ethnography, Ruben Andersson, a gifted anthropologist and journalist, travels along the clandestine migration trail from Senegal and Mali to the Spanish North African enclaves of Ceuta and Melilla. Through the voices of his informants, Andersson explores, viscerally and emphatically, how Europe's increasingly powerful border regime meets and interacts with its target-the clandestine migrant. This vivid, rich work examines the subterranean migration flow from Africa to Europe, and shifts the focus from the "illegal immigrants" themselves to the vast industry built around their movements. This fascinating and accessible book is a must-read for anyone interested in the politics of international migration and the changing texture of global culture. 410 0$aCalifornia series in public anthropology ;$v28. 606 $aNoncitizens$zSpain$zCueta$vCase studies 606 $aNoncitizens$zSpain$zMelilla$vCase studies 606 $aIllegal immigration$zSpain$zMelilla$vCase studies 607 $aSenegal$xEmigration and immigration$vCase studies 607 $aCeuta (Spain)$xEmigration and immigration$vCase studies 607 $aMelilla (Spain)$xEmigration and immigration$vCase studies 607 $aMali$xEmigration and immigration$vCase studies 610 $aafrica to europe. 610 $aafrican migration. 610 $aanthropology. 610 $aborder crossings. 610 $aborder regime. 610 $aborderlands. 610 $acalifornia series in public anthropology. 610 $acivic. 610 $aclandestine migration trail. 610 $aconfrontations. 610 $acultural anthropology. 610 $acultural studies. 610 $aemigration and immigration studies. 610 $aethnographic research. 610 $aeurope. 610 $aglobal culture. 610 $aglobal disaster. 610 $ahistory. 610 $aillegal immigrants. 610 $ainternational drama. 610 $ainternational migration. 610 $ajournalism. 610 $amali. 610 $amigrants. 610 $amigration. 610 $anational security. 610 $apolitics. 610 $apowerful border. 610 $asenegal. 610 $asubterranean migration. 615 0$aNoncitizens 615 0$aNoncitizens 615 0$aIllegal immigration 676 $a364.1/370964 700 $aAndersson$b Ruben$f1977-$01688930 801 0$bMiAaPQ 801 1$bMiAaPQ 801 2$bMiAaPQ 906 $aBOOK 912 $a9910807861403321 996 $aIllegality, Inc$94063557 997 $aUNINA